000 00887nam a2200241 a 4500
001 80326
003 BD-RjUL
005 20220911095716.0
008 220911s2011 bg a|||| m||| 00| 0 eng d
035 _a(BD-RjUL)80326
040 _aBD-RjUL
_beng
_cBD-RjUL
_dBD-RjUL
041 _aeng
082 _223
_a658.8120727
_bAZM 2011
100 _aAziz, Tahsina
_94709
245 1 0 _6Supervision : Md. Rezaul Karim
_aModeling and Analysis of Warranty Claims Data :
_cTahsina Aziz
260 _aRajshahi :
_bDepartment of Statistics, University of Rajshahi,
_c2011
300 _a[1],157 leaves :
_bill.;
_c29 cm.
502 _aThesis (M. Phil.) -- Department of Statistics, University of Rajshahi,2011
504 _aBibliography : Leaves 143-157
650 _aWarranty Claims
_xSystems Analysis
_vCustomer Relations
_94710
700 _aKarim, Md. Rezaul, Supervision
_94711
942 _2ddc
_cTHE
999 _c80326
_d80326